01159 a2200217 45000010006000000050017000060080041000230030015000640400040000790800068001192450036001870200018002232640051002413000019002925050449003110410008007601000022007687000029007907000023008198560099008424503420260407155725.0260407a1999 arg spa dAR-UNSa-BCEJYS aAR-UNSa-BCEJYSbspacAR-UNSa-BCEJYS a347.748xCheques. Cheques cruzados. Cámaras de compensación10aRégimen jurídico del cheque a950-572-483-7 1aBuenos Aires :bVíctor P. de Zavalíac1999 a322 p.c23 cm. a1. Concepto y naturaleza jurídica – 2. Elementos formales del cheque – 3. Elementos de fondo – 4. De la emisión y circulación del cheque – 5. De la presentación y del pago – 6. Del recurso por falta de pago – 7. Cheques cruzados, de contabilidad e imputados – 8. Cheques certificados 9. Cheques de viajero – 10. Prescripción. Disposiciones supletorias – 11. El aval en el cheque – 12. El cheque de pago diferido - aspa1 aButty, Enrique M.1 aFontanarrosa, Rodolfo O.1 aMonti, José Luis41uhttps://www.biblioeco.unsa.edu.ar/pmb/images/libros/L117064.jpgyImagen de portadaqimage/jpeg